书目信息 |
| 题名: |
OL一族健康操
|
|
| 作者: | 伊藤和磨 著 ;汇智天成 译 | |
| 分册: | ||
| 出版信息: | 北京 中国画报出版公司 2006.11 |
|
| 页数: | 179页 | |
| 开本: | 21cm | |
| 丛书名: | ||
| 单 册: | ||
| 中图分类: | G831.3 | |
| 科图分类: | ||
| 主题词: | 健美操--基本知识 | |
| 电子资源: | ||
| ISBN: | 7-80220-058-X | |
| 000 | 00931nam0 2200241 450 | |
| 001 | 1031798983 | |
| 005 | 20100730085238.46 | |
| 010 | @a7-80220-058-X@dCNY32.00 | |
| 100 | @a20100515d2006 km y0chiy0120 ea | |
| 101 | 0 | @achi |
| 102 | @aCN@b110000 | |
| 105 | @aa z 000yy | |
| 200 | 1 | @aOL一族健康操@AOL yi zu jian kang cao@e缓解疼痛矫正身姿@f(日) 伊藤和磨著@F(ri)yi teng he mo zhu@g汇智天成译@Ghui zhi tian cheng yi |
| 210 | @a北京@c中国画报出版公司@d2006.11 | |
| 215 | @a179页@c图@d21cm | |
| 330 | @a本书介绍的缓解“疼痛”的方法不是来自于医生和保健师的经验,而是将“在可能的范围内进行自我护理”作为全书的主旨,介绍一些能够通过自我操作直接缓解疼痛的办法。 | |
| 517 | 1 | @a缓解疼痛矫正身姿@Ahuan jie teng tong jiao zheng shen zi |
| 606 | 0 | @a健美操@x基本知识 |
| 690 | @aG831.3@v4 | |
| 701 | 0 | @a伊藤和磨@Ayi teng he mo@4著 |
| 702 | 0 | @a汇智天成@Ahui zhi tian cheng@4译 |
| 801 | 0 | @aCN@c20100515 |
| 905 | @dG831.3@eY499@f3 | |
| OL一族健康操:缓解疼痛矫正身姿/(日) 伊藤和磨著/汇智天成译.-北京:中国画报出版公司,2006.11 |
| 179页:图;21cm |
| ISBN 7-80220-058-X:CNY32.00 |
| 本书介绍的缓解“疼痛”的方法不是来自于医生和保健师的经验,而是将“在可能的范围内进行自我护理”作为全书的主旨,介绍一些能够通过自我操作直接缓解疼痛的办法。 |
| ● |
| 相关链接 |
|
|
|
正题名:OL一族健康操
索取号:G831.3/Y499
 
预约/预借
| 序号 | 登录号 | 条形码 | 馆藏地/架位号 | 状态 | 备注 |
| 1 | 993990 | 209939904 | 社科库409/409社科库 22排2列3层/ [索取号:G831.3/Y499] | 在馆 | |
| 2 | 993991 | 209939913 | 社科库409/409社科库 22排2列3层/ [索取号:G831.3/Y499] | 在馆 | |
| 3 | 993992 | 209939922 | 社科库409/409社科库 22排2列3层/ [索取号:G831.3/Y499] | 在馆 |